| 000 | 01340cam a2200325 a 4500 | ||
|---|---|---|---|
| 001 | 14977361 | ||
| 003 | OSt | ||
| 005 | 20150408114016.0 | ||
| 008 | 070823s2008 nyua b 001 0 eng | ||
| 010 | _a 2007035077 | ||
| 020 | _a9780521880381 (hardback) | ||
| 020 | _a0521880386 (hardback) | ||
| 035 | _a(OCoLC)ocn180851905 | ||
| 035 | _a(OCoLC)180851905 | ||
| 040 |
_aDLC _cDLC _dYDX _dBAKER _dBTCTA _dYDXCP _dDLC |
||
| 050 | 0 | 0 |
_aQA76.76.T48 _bA56 2008 |
| 082 | 0 | 0 |
_a004.24 _222 |
| 100 | 1 |
_aAmmann, Paul, _d1961- _912200 |
|
| 245 | 1 | 0 |
_aIntroduction to software testing / _cPaul Ammann, Jeff Offutt. |
| 260 |
_aNew York : _bCambridge University Press, _c2008. |
||
| 300 |
_axxii, 322 p. : _bill. ; _c26 cm. |
||
| 504 | _aIncludes bibliographical references (p. 295-318) and index. | ||
| 650 | 0 |
_aComputer software _xTesting. _912201 |
|
| 700 | 1 |
_aOffutt, Jeff, _d1961- _912202 |
|
| 856 | 4 | 1 |
_3Table of contents only _uhttp://www.loc.gov/catdir/enhancements/fy0803/2007035077-t.html |
| 856 | 4 | 2 |
_3Publisher description _uhttp://www.loc.gov/catdir/enhancements/fy0803/2007035077-d.html |
| 856 | 4 | 2 |
_3Contributor biographical information _uhttp://www.loc.gov/catdir/enhancements/fy0803/2007035077-b.html |
| 942 |
_2ddc _cBOOK |
||
| 999 |
_c21635 _d256135 |
||